[Event "Oberliga Nord O 1819"]
[Site "Germany"]
[Date "2018.11.11"]
[Round "2.3"]
[White "Meissner, Hans Juergen"]
[Black "Dimitrijeski, Boris"]
[Result "1/2-1/2"]
[WhiteElo "2226"]
[BlackElo "2221"]
[PlyCount "106"]
[EventDate "2018.10.21"]
[EventType "team-tourn"]
[EventRounds "9"]
[EventCountry "GER"]
[SourceTitle "EXT 2020"]
[Source "ChessBase"]
[SourceDate "2019.10.17"]
[SourceVersion "1"]
[SourceVersionDate "2019.10.17"]
[SourceQuality "1"]
[WhiteTeam "Berlin Empor"]
[BlackTeam "Koenig Tegel II"]
[WhiteTeamCountry "GER"]
[BlackTeamCountry "GER"]

1. e4 e5 2. Nf3 Nc6 3. Bb5 Nge7 4. 0-0 g6 5. c3 a6 6. Ba4 Bg7 7. d4 exd4 8. cxd4 0-0 9. d5 Na5 10. Nc3 b5 11. Bc2 d6 12. h3 Bb7 13. Bg5 h6 14. Bh4 Nc4 15. Bb3 Nxb2 16. Qd2 Nc4 17. Bxc4 bxc4 18. Rab1 Bc8 19. Nd4 g5 20. Bg3 f5 21. f4 fxe4 22. fxg5 Bxd4+ 23. Qxd4 Nf5 24. Qxe4 Qxg5 25. Bf4 Qg6 26. Kh2 Kh7 27. g4 Ng7 28. Qxg6+ Kxg6 29. Kg3 Ne8 30. Rfe1 Nf6 31. Be3 Re8 32. Bd4 Bd7 33. Rf1 Rf8 34. Rf4 Nh7 35. Rbf1 Rxf4 36. Rxf4 Rf8 37. Rxf8 Nxf8 38. Ba7 c6 39. Bb8 cxd5 40. Nxd5 Be6 41. Nf4+ Kf7 42. Bxd6 Bd7 43. Bb4 Ng6 44. Ne2 Ne5 45. Bd2 Kg6 46. Nf4+ Kh7 47. Nd5 Kg6 48. Bc3 Nd3 49. Bd4 Be6 50. Nc3 h5 51. Ne4 hxg4 52. hxg4 Nc1 53. Nc3 Nd3 1/2-1/2

[Event "Berlin-ch Seniors op 32nd"]
[Site "Berlin"]
[Date "2016.02.03"]
[Round "8"]
[White "Simon, Ralf Axel"]
[Black "Meissner, Hans Juergen"]
[Result "0-1"]
[WhiteElo "2184"]
[BlackElo "2247"]
[PlyCount "73"]
[EventDate "2016.01.26"]
[EventType "swiss"]
[EventRounds "9"]
[EventCountry "GER"]
[SourceTitle "EXT 2019"]
[Source "ChessBase"]
[SourceDate "2018.10.10"]
[SourceVersion "1"]
[SourceVersionDate "2018.10.10"]
[SourceQuality "1"]

1. Nf3 Nf6 2. c4 g6 3. Nc3 Bg7 4. e4 d6 5. d4 0-0 6. Be2 e5 7. 0-0 Na6 8. Be3 Ng4 9. Bg5 Qe8 10. Nd5 f6 11. Bh4 c6 12. Nc3 Nh6 13. dxe5 dxe5 14. Qd6 Qd8 15. Qa3 Qb6 16. Rad1 Nf7 17. b3 Qb4 18. Qxb4 Nxb4 19. c5 Be6 20. Nd2 b5 21. cxb6 axb6 22. a4 Nd6 23. Nc4 Nxc4 24. Bxc4 Bxc4 25. bxc4 g5 26. Bg3 Rfd8 27. f3 Nc2 28. Rxd8+ Rxd8 29. Bf2 Rd3 30. Ne2 Rd2 31. Ng3 c5 32. Rb1 Nb4 33. a5 bxa5 34. Bxc5 Bf8 35. Be3 Rd3 36. Kf2 Rc3 37. Rc1 0-1

[Event "Berlin Lichtenrade op 06th"]
[Site "Berlin"]
[Date "2010.10.17"]
[Round "2"]
[White "Meissner, Hans Juergen"]
[Black "Lerch, Philipp"]
[Result "1-0"]
[WhiteElo "2233"]
[BlackElo "1965"]
[PlyCount "101"]
[EventDate "2010.10.16"]
[EventType "swiss"]
[EventRounds "9"]
[EventCountry "GER"]
[SourceTitle "CBM 138 Extra"]
[Source "ChessBase"]
[SourceDate "2010.10.29"]
[SourceVersion "1"]
[SourceVersionDate "2010.10.29"]
[SourceQuality "1"]

1. d4 Nf6 2. Nf3 g6 3. c4 Bg7 4. Nc3 0-0 5. e4 d6 6. Be2 e5 7. 0-0 exd4 8. Nxd4 Re8 9. f3 Nc6 10. Nc2 Be6 11. Bg5 h6 12. Bh4 g5 13. Bf2 Nd7 14. Re1 Nde5 15. Ne3 Ne7 16. Qc2 Qd7 17. Rad1 c6 18. Rd2 Qc7 19. Red1 Rad8 20. Bf1 Rf8 21. Ne2 c5 22. Ng3 N5c6 23. Nd5 Bxd5 24. cxd5 Ne5 25. h4 N5g6 26. hxg5 hxg5 27. Nh5 Nf4 28. Nxg7 Kxg7 29. b4 b6 30. bxc5 bxc5 31. e5 Rc8 32. Qc3 Kg8 33. g3 Nfg6 34. exd6 Qxd6 35. Bh3 Rc7 36. Qe3 Kg7 37. Qxg5 Rh8 38. Bg2 f6 39. Qe3 Nf5 40. Qe6 Qxe6 41. dxe6 Nfe7 42. Rc2 Rhc8 43. f4 Nf8 44. Rd6 Nf5 45. Rd5 Ne7 46. Rdxc5 Nxe6 47. Rxc7 Rxc7 48. Rxc7 Nxc7 49. Bxa7 Nf5 50. Bf2 Nd6 51. a4 1-0

[Event "Berlin Lichtenberger op 9th"]
[Site "Berlin"]
[Date "2010.08.09"]
[Round "3"]
[White "Fleischmann, Torsten"]
[Black "Meissner, Hans Juergen"]
[Result "0-1"]
[WhiteElo "1888"]
[BlackElo "2255"]
[PlyCount "44"]
[EventDate "2010.08.07"]
[EventType "swiss"]
[EventRounds "9"]
[EventCountry "GER"]
[SourceTitle "CBM 137 Extra"]
[Source "ChessBase"]
[SourceDate "2010.09.01"]
[SourceVersion "1"]
[SourceVersionDate "2010.09.01"]
[SourceQuality "1"]

1. d4 Nf6 2. c4 g6 3. Nc3 Bg7 4. e4 0-0 5. e5 Ne8 6. f4 d6 7. Nf3 c5 8. dxc5 Nc6 9. Be2 Bf5 10. cxd6 exd6 11. 0-0 dxe5 12. Qxd8 Rxd8 13. fxe5 Nxe5 14. Nxe5 Bxe5 15. Be3 Nf6 16. Bg5 Rc8 17. Rac1 Bd4+ 18. Kh1 Bxc3 19. bxc3 Ne4 20. Be3 b6 21. Rf4 Rfe8 22. g4 Ng3+ 0-1

[Event "Berlin Lichtenberger op 9th"]
[Site "Berlin"]
[Date "2010.08.07"]
[Round "2"]
[White "Meissner, Hans Juergen"]
[Black "Keusch, Horst"]
[Result "1/2-1/2"]
[WhiteElo "2255"]
[BlackElo "1953"]
[PlyCount "39"]
[EventDate "2010.08.07"]
[EventType "swiss"]
[EventRounds "9"]
[EventCountry "GER"]
[SourceTitle "CBM 137 Extra"]
[Source "ChessBase"]
[SourceDate "2010.09.01"]
[SourceVersion "1"]
[SourceVersionDate "2010.09.01"]
[SourceQuality "1"]

1. e4 g6 2. d4 Bg7 3. Nf3 c6 4. Bd3 d5 5. Nbd2 Nh6 6. 0-0 0-0 7. Re1 dxe4 8. Nxe4 Bg4 9. c3 Nd7 10. Bc2 Nb6 11. h3 Bf5 12. Bb3 Qc7 13. Bg5 Bxe4 14. Rxe4 e6 15. Qe2 Nf5 16. Rd1 Nd6 17. Rh4 Nf5 18. Re4 Nd6 19. Rh4 Nf5 20. Re4 1/2-1/2

[Event "Berlin Lichtenrade op 05th"]
[Site "Berlin"]
[Date "2009.10.21"]
[Round "5"]
[White "Meissner, Hans Juergen"]
[Black "Kalinitschew, Sergey"]
[Result "1/2-1/2"]
[WhiteElo "2241"]
[BlackElo "2483"]
[PlyCount "86"]
[EventDate "2009.10.11"]
[EventType "swiss"]
[EventRounds "9"]
[EventCountry "GER"]
[SourceTitle "EXT 2010"]
[Source "ChessBase"]
[SourceDate "2010.11.25"]
[SourceVersion "1"]
[SourceVersionDate "2010.11.25"]
[SourceQuality "1"]

1. e4 e6 2. Nf3 d5 3. Nc3 Nf6 4. e5 Nfd7 5. d4 c5 6. dxc5 Nc6 7. Bf4 Bxc5 8. Bd3 f6 9. exf6 Nxf6 10. 0-0 0-0 11. Ne5 Qe7 12. Bg3 Nxe5 13. Bxe5 Bd7 14. Qe2 a6 15. Rae1 Rae8 16. Kh1 Bc6 17. Nb1 Bd6 18. Nd2 Bxe5 19. Qxe5 Nd7 20. Qh5 g6 21. Qh6 e5 22. Nb3 Qe6 23. Qd2 Qf6 24. c3 b5 25. Qe3 Ba8 26. Nc5 Nxc5 27. Qxc5 Kh8 28. Qe3 b4 29. f4 e4 30. Be2 bxc3 31. bxc3 Rc8 32. Rc1 Rc7 33. Bg4 Bc6 34. Qb6 Rb7 35. Qxa6 Rb2 36. Qa3 Rfb8 37. f5 Qf8 38. Qa7 gxf5 39. Rxf5 Qg7 40. Rf7 Qg6 41. Qe7 Re8 42. Rf8+ Rxf8 43. Qxf8+ Qg8 1/2-1/2

[Event "Berlin Lichtenberger op 8th"]
[Site "Berlin"]
[Date "2009.08.20"]
[Round "6"]
[White "Meissner, Hans Juergen"]
[Black "Klundt, Klaus"]
[Result "1/2-1/2"]
[WhiteElo "2213"]
[BlackElo "2333"]
[PlyCount "31"]
[EventDate "2009.08.15"]
[EventType "swiss"]
[EventRounds "9"]
[EventCountry "GER"]
[SourceTitle "CBM 131 Extra"]
[Source "ChessBase"]
[SourceDate "2009.09.03"]
[SourceVersion "2"]
[SourceVersionDate "2009.09.16"]
[SourceQuality "1"]

1. d4 d5 2. c4 c6 3. e3 Nf6 4. Nf3 e6 5. Bd3 Nbd7 6. b3 Bd6 7. Bb2 0-0 8. 0-0 b6 9. Nc3 Bb7 10. e4 dxe4 11. Nxe4 Nxe4 12. Bxe4 Nf6 13. Bc2 c5 14. dxc5 Bxc5 15. Qe2 Qe7 16. Rad1 1/2-1/2

[Event "Berlin Lichtenrade op 04th"]
[Site "Berlin"]
[Date "2008.10.23"]
[Round "6"]
[White "Meissner, Hans Juergen"]
[Black "Friedrich, Wiede"]
[Result "1-0"]
[WhiteElo "2216"]
[BlackElo "2036"]
[PlyCount "105"]
[EventDate "2008.10.18"]
[EventType "swiss"]
[EventRounds "9"]
[EventCountry "GER"]
[SourceTitle "CBM 126 Extra"]
[Source "ChessBase"]
[SourceDate "2008.11.05"]
[SourceVersion "1"]
[SourceVersionDate "2008.11.05"]
[SourceQuality "1"]

1. d4 Nf6 2. Nf3 b6 3. c4 e6 4. a3 Bb7 5. Nc3 Be7 6. d5 exd5 7. cxd5 b5 8. e4 b4 9. axb4 Bxb4 10. Bd3 0-0 11. 0-0 d6 12. Bg5 Nbd7 13. Nd4 h6 14. Bh4 Ne5 15. Bc2 Bc5 16. Na4 Bxd4 17. Qxd4 Ng6 18. Bxf6 Qxf6 19. Qxf6 gxf6 20. Nc3 Rfd8 21. Ra5 c6 22. Rfa1 cxd5 23. exd5 a6 24. R1a4 Re8 25. Kf1 Kg7 26. Rb4 Re7 27. g3 Rae8 28. Kg2 Bc8 29. Ba4 Rd8 30. Bc2 Re1 31. Bd3 Ne5 32. Be2 Re8 33. h3 f5 34. Bxa6 Bxa6 35. Rxa6 Nd3 36. Rd4 Nxb2 37. Rxd6 Rc1 38. Rb6 Rxc3 39. Rxb2 Rd8 40. d6 Kf6 41. d7 Rc6 42. Rbd2 Re6 43. Kf3 Kg5 44. h4+ Kg6 45. Kf4 h5 46. f3 Re1 47. Rd5 Rf1 48. Rc5 Kf6 49. Rxf5+ Ke7 50. Re5+ Kf8 51. Rxh5 Re1 52. Rh8+ Ke7 53. Rxd8 1-0

[Event "Berlin Lichtenrade op 04th"]
[Site "Berlin"]
[Date "2008.10.21"]
[Round "4"]
[White "Meissner, Hans Juergen"]
[Black "Witte, Ronald"]
[Result "1-0"]
[WhiteElo "2216"]
[BlackElo "2057"]
[PlyCount "97"]
[EventDate "2008.10.18"]
[EventType "swiss"]
[EventRounds "9"]
[EventCountry "GER"]
[SourceTitle "CBM 126 Extra"]
[Source "ChessBase"]
[SourceDate "2008.11.05"]
[SourceVersion "1"]
[SourceVersionDate "2008.11.05"]
[SourceQuality "1"]

1. d4 d5 2. Nf3 c6 3. c4 Nf6 4. cxd5 cxd5 5. Nc3 Nc6 6. Ne5 Qb6 7. Nxc6 bxc6 8. g3 Bf5 9. Bg2 e6 10. 0-0 Bd6 11. b3 0-0 12. Bg5 Qa5 13. Na4 Ne4 14. Be3 e5 15. dxe5 Bxe5 16. Bd4 Bxd4 17. Qxd4 Rfe8 18. e3 Rac8 19. Rfc1 Bd7 20. Nc5 Nxc5 21. Rxc5 Qb6 22. b4 Bf5 23. Rac1 h6 24. h4 Red8 25. a3 Re8 26. Qc3 Bd7 27. Rd1 Be6 28. Rd4 Red8 29. Bf3 Re8 30. e4 dxe4 31. Bxe4 Rcd8 32. Rxd8 Qxd8 33. Bxc6 Qd1+ 34. Kg2 Rd8 35. Qf3 Qe1 36. Bd5 Bxd5 37. Rxd5 Rf8 38. Rd7 a5 39. b5 Qb1 40. a4 Qa2 41. Qd1 Kh7 42. Qd3+ g6 43. h5 Qxa4 44. Qxg6+ Kh8 45. Qxh6+ Kg8 46. Qg5+ Kh7 47. Qf5+ Kg7 48. h6+ Kxh6 49. Qf6+ 1-0

[Event "Berlin Lichtenberger op 7th"]
[Site "Berlin"]
[Date "2008.08.24"]
[Round "9"]
[White "Newrkla, Katharina"]
[Black "Meissner, Hans Juergen"]
[Result "1/2-1/2"]
[WhiteElo "2049"]
[BlackElo "2212"]
[PlyCount "106"]
[EventDate "2008.08.16"]
[EventType "swiss"]
[EventRounds "9"]
[EventCountry "GER"]
[SourceTitle "CBM 126 Extra"]
[Source "ChessBase"]
[SourceDate "2008.11.05"]
[SourceVersion "1"]
[SourceVersionDate "2008.11.05"]
[SourceQuality "1"]

1. e4 c5 2. Nf3 d6 3. d4 cxd4 4. Nxd4 Nf6 5. Nc3 a6 6. Bc4 e6 7. 0-0 Be7 8. Bb3 b5 9. f4 0-0 10. e5 dxe5 11. fxe5 Bc5 12. Be3 Bxd4 13. Bxd4 Nc6 14. Bc5 Nxe5 15. Bxf8 Qb6+ 16. Kh1 Kxf8 17. Qe2 Ned7 18. Rad1 Bb7 19. Qf2 Qxf2 20. Rxf2 Rc8 21. Bxe6 b4 22. Bxd7 Rc7 23. Ba4 bxc3 24. bxc3 Rxc3 25. Rd8+ Ke7 26. Rfd2 Be4 27. R8d4 Re3 28. Kg1 h5 29. c4 Ng4 30. Rd1 Re2 31. R4d2 Re3 32. h3 Ne5 33. Kf2 Rc3 34. Bb3 f5 35. Rd4 h4 36. R1d2 a5 37. Re2 Kf6 38. Rd6+ Kg5 39. Ra6 Nd3+ 40. Kg1 Rc1+ 41. Kh2 Nf4 42. Rd2 Rc3 43. Ba4 Rxc4 44. Rxa5 Rc3 45. Rb5 Nh5 46. Rbb2 Ng3 47. Rd1 g6 48. Bb3 Rc5 49. Rbd2 Kf4 50. Rf2+ Ke5 51. Rfd2 Kf4 52. Rf2+ Ke5 53. Rfd2 Kf4 1/2-1/2